Romeo and Juliet Franchise - Statistics

General Stats
  • This quiz has been taken 32 times
  • The average score is 53 of 144
Answer Stats
Type Year Name Info % Correct
Play 1595-1597 Romeo and Juliet William Shakespeare
100%
Orchestral Work 1879 Romeo and Juliet Pyotr Ilyich Tchaikovsky
100%
Short Film 1900 Romeo and Juliet Phono-Cinéma-Théâtre
100%
Short Film 1908 Romeo and Juliet Vitagraph Studios
100%
Short Film 1911 Romeo and Juliet Motion Picture Distributors and Sales Company
100%
Short Film 1912 Romeo and Juliet Pathé
100%
Short Film 1915 Romeo and Juliet Davison Film Sales Agency
100%
Film 1916 Romeo and Juliet Metro Pictures
100%
Film 1916 Romeo and Juliet Fox Film Corporation
100%
Short Film 1919 Romeo and Juliet Hepworth Manufacturing Co.
100%
Short Film 1920 Romeo and Juliet Universal
100%
Short Film 1924 Romeo and Juliet Pathé
100%
Short Film 1933 Romeo and Juliet Educational Film Exchanges
100%
Film 1936 Romeo and Juliet MGM
100%
Ballet 1938 Romeo and Juliet Ivo Váña-Psota
100%
Film 1940 Romeo and Juliet ????
100%
Film 1947 Romeo and Juliet Nargis Arts
100%
Film 1953 Romeo and Juliet ????
100%
Film 1954 Romeo and Juliet The Rank Organisation
100%
Ballet 1962 Romeo and Juliet John Cranko
100%
TV Mini-Series 1962 Romeo and Juliet ITV
100%
Film 1964 Romeo and Juliet Titanus
100%
Ballet 1965 Romeo and Juliet Kenneth MacMillan
100%
Ballet 1965 Romeo and Juliet Sean Lavery
100%
Film 1966 Romeo and Juliet Embassy Pictures
100%
Film 1968 Romeo and Juliet Paramount
100%
TV Film 1976 Romeo and Juliet Umbrella Entertainment
100%
Ballet 1977 Romeo and Juliet Rudolf Nureyev
100%
Sculpture 1978 Romeo and Juliet Milton Hebald
100%
TV Play 1983 Romeo and Juliet ????
100%
TV Play 1984 Romeo and Juliet ????
100%
Short Film 1984 Romeo and Juliet Dunav Film
100%
TV Play 1990 Romeo and Juliet ????
100%
TV Play 1992 Romeo and Juliet ????
100%
Film 2000 Romeo and Juliet 2House Productions / Will & Company
100%
Ballet 2008 Romeo and Juliet Krzysztof Pastor
100%
Film 2012 Romeo and Juliet Evil Angel Video
100%
Play 2013 Romeo and Juliet Don Roy King
100%
Film 2014 Romeo and Juliet BroadwayHD / Fathom Events
100%
TV Play 1965 Romeo and Juliet: A Ballet After William Shakespeare ????
100%
Film 1955 Romeo & Juliet Mosfilm
100%
TV Film 1978 Romeo & Juliet BBC
100%
Film 1990 Romeo.Juliet Moonseed Productions / Academy of Film and the Arts
100%
TV Play 1993 Romeo & Juliet ????
100%
TV Mini-Series 1994 Romeo & Juliet HBO
100%
Ballet 2007 Romeo + Juliet Peter Martins
100%
Film 2013 Romeo & Juliet Icon Productions / Entertainment Film Distributors / Relativity Media
100%
Film 2015 Romeo Juliet Cosmo Village / Antenna Entertainments
100%
Film 2017 Romeo & Juliet Parking Garage Pictures
100%
Film 1942 Victims of Love Les Filmes el Nil
100%
Film 1996 William Shakespeare's Romeo and Juliet 20th Century Fox
100%
Film 2017 Romeo/Juliet ????
47%
Film 2011 Gnomeo & Juliet Disney / Entertainment One Films
40%
Musical 2019 & Juliet Max Martin
40%
Anime Series 2007 Romeo × Juliet CBC / TBS / KBS Kyōto / SUN-TV
20%
Film 2006 Romeo & Juliet: Sealed with a Kiss Indican Pictures / MarVista Entertainment
13%
Film 2011 Private Romeo ????
7%
Short Film 1908 Romeo e Giulietta Società Italiana Cines
7%
Film 1954 Romeo e Giulietta ????
7%
TV Play 1983 Romeo e Giulietta ????
7%
TV Play 2000 Romeo e Giulietta RAI
7%
Orchestral Work 1839 Roméo et Juliette Hector Berlioz
7%
Opera 1867 Roméo et Juliette Charles Gounod
7%
TV Play 1982 Roméo et Juliette ????
7%
TV Play 1995 Roméo et Juliette ????
7%
TV Play 2005 Roméo et Juliette ????
7%
TV Play 2008 Roméo et Juliette ORF 2
7%
Musical 2001 Roméo et Juliette: de la Haine à l'Amour Gérard Presgurvic
7%
Opera 1776 Romeo und Julie Georg Benda
7%
Play 1999 After Juliet Sharman Macdonald
0%
Short Film 1925 A Rarin' Romeo Educational Film Exchanges
0%
Opera 1907 A Village Romeo and Juliet Frederick Delius
0%
Film 2016 Branagh Theatre Live: Romeo and Juliet ????
0%
Film 1921 Doubling for Romeo Goldwyn Pictures
0%
Short Film 1927 Felix the Cat as Romeeow Educational Film Exchanges
0%
Opera 1796 Giulietta e Romeo Niccolò Antonio Zingarelli
0%
Opera 1825 Giulietta e Romeo Nicola Vaccai
0%
Musical 2007 Giulietta e Romeo Riccardo Cocciante
0%
Opera 1874 Gloria Francesco Cilea
0%
Film 1966 How Romeo and Juliet Loved Each Other Avala Film
0%
Opera 1830 I Capuleti e i Montecchi Vincenzo Bellini
0%
Short Film 1912 Indian Romeo and Juliet General Film Company / Vitagraph Company
0%
Film 2007 In Fair Palestine: A Story of Romeo and Juliet (High School Film)
0%
Film 1940 Julieta y Romeo Cinedía
0%
Film 2010 Letters to Juliet Summit Entertainment
0%
Film 1989 Mama, There's a Man in Your Bed UGC
0%
Film 1978 Mônica e Cebolinha: No Mundo de Romeu e Julieta Rede Bandeirantes / Transvídeo
0%
Film 2005 O Casamento de Romeu e Julieta Buena Vista International
0%
Musical 1960 Once on This Island Stephen Flaherty
0%
Ballet 2005 Radio and Juliet Edward Clug
0%
Film 1988 Rami og Julie ????
0%
Film 2006 Rockin' Romeo & Juliet Chockablock Productions
0%
Play 1956 Romanoff and Juliet Peter Ustinov
0%
Film 1961 Romanoff and Juliet Universal
0%
Film 2006 Rome & Jewel Emerging Pictures
0%
Film 2006 Rome & Juliet Creative Programs
0%
Web Series 2017 Rome & Juliet ????
0%
Film 2017 Romeo and Juliet in Harlem TAG Films / Moon Shadow Films
0%
Short Film 1910 Romeo and Juliet in Our Town General Film Company
0%
Short Film 1920 Romeo and Juliet in the Snow Ebner & Co. / Maxim-Film GmbH
0%
Film 2010 Romeo and Juliet in Yiddish Nancy Fishman Film Releasing
0%
TV Film 1983 Romeo and Juliet on Ice CBS
0%
Painting 1790 Romeo and Juliet: the Tomb Scene Joseph Wright of Derby
0%
TV Play 2007 Romeo and Juliet with the Royal Ballet ????
0%
TV Film 1991 Romeo en Julia BRT / KRO
0%
Short Film 1958 Romeo i Julija Zagreb Film
0%
Short Film 1940 Romeo in Rhythm MGM
0%
TV Film 1964 Romeo & Julia ????
0%
Film 1992 Romeo & Julia Kaufman Films
0%
Short Film 2004 Romeo & Julia und die neue Weltordnung Kurt Media
0%
TV Documentary 2005 Romeo & Juliet: A Monkey's Tale National Geographic Network Asia
0%
Film 1960 Romeo, Juliet and Darkness Artkino Pictures
0%
Film 2002 Roméo & Juliette: De la Haine à L'Amour TF1 Vidéo
0%
Film 2009 Romeo & Juliet vs. The Living Dead Third Star Films
0%
Film 2009 Romeo & Julio Kino Klub Split
0%
Film 2000 Romeo Must Die Warner Bros.
0%
TV Film 1996 Romeo och Julia ????
0%
Short Film 1976 Romeo of the Spirits ????
0%
Short Film 1968 Romeo si Julieta ????
0%
Short Film 1909 Romeo Turns Bandit Pathé Frères
0%
Short Film 1909 Romeo und Julia Deutsche Vitaskop
0%
Opera 1940 Romeo und Julia Heinrich Sutermeister
0%
Opera 1943 Romeo und Julia Boris Blacher
0%
TV Film 1964 Romeo und Julia WDR
0%
Film 1943 Romeo y Julieta Azteca Films Inc.
0%
TV Film 1966 Romeo y Julieta ????
0%
TV Show 2007 Romeo y Julieta Channel 9
0%
TV Show 2007 Romeo y Julieta Azul TV
0%
TV Film 1980 Romeu e Julieta ????
0%
TV Special 1979 Romie-0 and Julie-8 CBC
0%
Short Film 1915 Romiet and Julio ????
0%
Novel 2001 Romiette and Julio Sharon Draper
0%
TV Film 1997 Ronnie & Julie CBS
0%
TV Film 1937 Scenes from Shakespeare's Romeo and Juliet ????
0%
Film 1998 Shakespeare in Love Miramax Films / Universal
0%
Orchestral Work 1801 String Quartet No. 1 in F Major Ludwig van Beethoven
0%
Musical 1906 The Belle of Mayfair Leslie Stuart
0%
TV Special 1976 The Bolshoi Ballet: Romeo and Juliet CBS
0%
Film 1969 The Secret Sex Lives of Romeo and Juliet BIP
0%
TV Film 1947 The Tragedy of Romeo and Juliet BBC
0%
Film 1982 The Tragedy of Romeo and Juliet ????
0%
Film 1955 Tong Lin Niao Shaw and Sons
0%
Film 1997 Tromeo and Juliet Troma Entertainment
0%
Short Film 2012 William ????
0%
No matching quizzes found
Score Distribution
Percent of People with Each Score
Percentile by Number Answered
Your Score History
You have not taken this quiz